000 00288nam a2200121Ia 4500
008 220204s9999 xx 000 0 und d
082 _a332.36
_bBIS
100 _aBISWAS, A K
245 0 _aFood, climate and man
260 _aNew York
_bWiley
_c1979
700 _aBISWAS, M R
942 _cBK
999 _c31404
_d31404